| 000 | 00751nam a2200157 i 4500 | ||
|---|---|---|---|
| 001 | 170912 | ||
| 003 | ES-MaACL | ||
| 005 | 20230906214509.0 | ||
| 008 | 090416s1853 sp |||| | spa d | ||
| 100 | 0 |
_aEguilaz, Luis de. _946758 |
|
| 245 | 1 | 0 |
_aAlarcón _b: drama original en tres actos y en verso / _cpor Luis de Eguilaz. |
| 260 |
_aMadrid : _b[s.n.], _c1853 ( _fImp. del Semanario é Ilustración) |
||
| 300 |
_a90 p. ; _c17 cm. |
||
| 500 | _aEn port:: Representado con estraordinario [ie] éxito la noche del 4 de mayo de 1853 á beneficio de don Manuel Ossorio. | ||
| 852 |
_aES-MaACL _jF-8570(1) _z.- Enc. pasta española _q.- Falto de la cub. original _z.- Enc. en un vol. facticio, formando parte de la col. "Teatro español moderno", vol. 23 |
||
| 999 |
_c170912 _d170912 |
||